Statistics for Serie A Top Scorers 2003/04 - 2013/14

Click here to take the quiz!

General Stats

  • This quiz has been taken 146 times
  • The average score is 27 of 36

Answer Stats

Season Position Goals Nationality Club Answer % Correct
2003/041st24UkraineAC MilanAndriy Shevchenko
98%
2008/091st25SwedenInternazionaleZlatan Ibrahimovic
98%
3rd20ItalyAS RomaFrancesco Totti
98%
2nd28UkraineAC MilanAndriy Shevchenko
98%
2011/121st28SwedenAC MilanZlatan Ibrahimovic
98%
2006/071st26ItalyAS RomaFrancesco Totti
98%
2012/131st29UruguayNapoliEdinson Cavani
97%
3rd23UruguayNapoliEdinson Cavani
97%
2nd26UruguayNapoliEdinson Cavani
97%
2nd23ItalyUdineseAntonio Di Natale
92%
3rd23ItalyUdineseAntonio Di Natale
92%
2010/111st28ItalyUdineseAntonio Di Natale
92%
2009/101st29ItalyUdineseAntonio Di Natale
92%
3rd21CameroonInternazionaleSamuel Eto'o
89%
2nd24ArgentinaInternazionaleDiego Milito
89%
2nd24ArgentinaGenoaDiego Milito
89%
2nd22ArgentinaInternazionaleDiego Milito
89%
2007/081st21ItalyJuventusAlessandro Del Piero
88%
2nd20ItalyVeronaLuca Toni
87%
2005/061st31ItalyFiorentinaLuca Toni
87%
3rd19ArgentinaJuventusCarlos Tevez
84%
2nd20FranceJuventusDavid Trezeguet
82%
2013/141st22ItalyTorinoCiro Immobile
75%
2nd23ItalyParmaAlberto Gilardino
56%
3rd24ItalyAC MilanAlberto Gilardino
56%
2nd23ItalyParmaAlberto Gilardino
56%
2nd20ItalyLivornoCristiano Lucarelli
50%
2004/051st24ItalyLivornoCristiano Lucarelli
50%
3rd21ItalyAS RomaVincenzo Montella
49%
3rd19ItalySampdoriaGiampaolo Pazzini
43%
3rd16ItalyAC MilanStephan El Shaarawy
43%
3rd19ItalyPalermoFabrizio Miccoli
42%
2nd24ItalyBolognaMarco Di Vaio
42%
3rd19ItalyGenoaMarco Borriello
39%
3rd16ItalyAS RomaDani Osvaldo
27%
3rd19ItalyMessinaChristian Rigano
15%

Score Distribution

Percentile by Number Answered

Percent of People with Each Score

Your Score History

You have not taken this quiz